|
|
|
|
| LEADER |
00739nam a22002172a 4500 |
| 001 |
000439850 |
| 003 |
CZ BrMZK |
| 005 |
20220308085350.0 |
| 007 |
ta |
| 008 |
040716s1879 au f |||| 0 ger d |
| 040 |
|
|
|a BOA001
|b cze
|
| 100 |
1 |
|
|a Gumplowicz, Ludwig,
|d 1838-1909
|7 jn20031015010
|4 aut
|
| 245 |
1 |
4 |
|a Das Recht der Nationalitäten und Sprachen in Österreich-Ungarn /
|c Ludwig Gumplowicz
|
| 260 |
|
|
|a Innsbruck :
|b Wagner,
|c 1879
|
| 300 |
|
|
|a 329 s.
|
| 910 |
|
|
|a BOA001
|b 2-0093.615
|
| 990 |
|
|
|a BK
|
| 993 |
|
|
|a Y
|
| 991 |
|
|
|b 202202
|
| 996 |
6 |
|
|b 2619791964
|c 2-0093.615
|l MZK
|r Sklad / do 24 hodin
|n 0
|w 000439850
|u 000010
|a 1
|e BOA001
|j MZK50
|s P
|
| 996 |
6 |
|
|b 439850-10
|c 2-0093.615
|l MZK
|r Sklad / do 24 hodin
|n 0
|w 000439850
|u 000020
|a 1
|e BOA001
|j MZK50
|s P
|